| 000 | 00479nam a22001697a 4500 | ||
|---|---|---|---|
| 003 | NUST - PNEC | ||
| 005 | 20170116181131.0 | ||
| 008 | 151006b xxu||||| |||| 00| 0 eng d | ||
| 020 | _a0023817917 | ||
| 040 | _cLIBRARY | ||
| 082 | _a658.562015195 MIT | ||
| 100 |
_913957 _aMitra, Amitava |
||
| 245 |
_aFundamentals of quality control and improvement _cAmitava Mitra |
||
| 260 | _cc.1993 | ||
| 650 |
_913959 _aQuality control--Statistical methods _xMS CON |
||
| 942 |
_2ddc _cBK |
||
| 999 |
_c69960 _d69960 |
||